000 00299nam a22001097a 4500
003 NUST
005 20251009154104.0
082 _a621.3615,CHO
245 _aRadio Frequency Management Conference /
_cMuhammad Abbas Choudhary
260 _aFrequency Allocation Board
_bIslamabad
_c1999
942 _2ddc
_cBK
999 _c615136
_d615136